Las luchas socioambientales en México como una expresión del antagonismo entre lo común y el despojo múltiple /

Wedi'i Gadw mewn:
Manylion Llyfryddiaeth
Prif Awdur: Navarro, Mina Lorena
Fformat: Texto
Tagiau: Ychwanegu Tag
Dim Tagiau, Byddwch y cyntaf i dagio'r cofnod hwn!

MARC

LEADER 00000 a a2200000 04500
001 47266
003
040
100 |a Navarro, Mina Lorena  
245 |a Las luchas socioambientales en México como una expresión del antagonismo entre lo común y el despojo múltiple /  |c Mina Lorena Navarro  
773 |g volumen13, número32, (2012); páginas 149-171  
999 |c 31410  |d 31410